| 000 | 04074nab a2200373 i 4500 | ||
|---|---|---|---|
| 003 | BR-BrBNA | ||
| 005 | 20251002165134.0 | ||
| 008 | 251002b2021 bl.mr|pooa||| 00| 0 eng | | ||
| 040 |
_aBR-BrBNA _beng |
||
| 072 |
_aF60 _b1112 |
||
| 072 | _aP34 | ||
| 072 | _aF06 | ||
| 100 | _aRodrigues, Ana J. O. | ||
| 100 | _aAraújo, Beatriz de A. | ||
| 100 | _aBezerra, Marlos A. | ||
| 100 | _aSilva, Christiana de F. B. da | ||
| 100 | _aSousa, Alan B. O. de | ||
| 100 | _aNogueira, Cynthia M. R. | ||
| 245 | _aGas exchange and leaf area of banana plants under salt stress inoculated with growth-promoting bacteria | ||
| 500 | _aPublicação on-line; 30 ref.; 4 illus; Sumaries (En, Pt) | ||
| 520 | _a ABSTRACT: Banana orchards in arid and semiarid regions require the use of irrigation. However, the presence of high concentration of salts in water can impair the development of plants, requiring the evaluation of new technologies to mitigate the effects of stress. The objective of this study was to evaluate gas exchange and leaf area in banana seedlings of the cultivar Prata Catarina inoculated with strains of Bacillus spp. under different electrical conductivities of irrigation water. The experiment was carried out in a greenhouse at Embrapa Tropical Agroindustry, Fortaleza, Ceará state, Brazil. The design used was in randomized blocks, in a 4 × 4 factorial scheme, with the first factor being the inoculation treatments: without any application; slow-release fertilizer; Strain 186 and Strain 109, and the second factor being the electrical conductivity of irrigation water (0.5; 1.5; 3.0; 4.5 dS m-1), in five blocks and each plot consisting of three plants. The electrical conductivity of irrigation water negatively influenced the gas exchange of banana cv. Prata Catarina in the vegetative stage, during the 89 days of cultivation. The Bacillus spp. strains 186 and 109 did not improve the gas exchange and leaf area of plants under salinity conditions. Key words: Bacillus sp., photosynthetic limitations, growth, salinity | ||
| 520 | _a RESUMO: Os pomares de banana em regiões áridas e semiáridas requerem o uso de irrigação. Porém, a presença de altos teores de sais na água pode prejudicar o desenvolvimento das plantas, exigindo a busca de tecnologias para amenizar os efeitos do estresse. O objetivo deste estudo foi avaliar as trocas gasosas e área foliar em mudas de bananeira da cultivar Prata Catarina inoculadas com cepas de Bacillus spp. sob diferentes valores de condutividade elétrica da água de irrigação. O experimento foi conduzido em casa de vegetação na Embrapa Agroindústria Tropical, Fortaleza, Ceará, Brasil. O delineamento utilizado foi em blocos casualizados, em esquema fatorial 4 × 4, sendo o primeiro fator os tratamentos de inoculação: sem qualquer aplicação; fertilizante de liberação lenta; as linhagens 186 e 109 e o segundo fator a condutividade elétrica da água de irrigação (0,5; 1,5; 3,0; 4,5 dS m-1), em cinco blocos sendo cada parcela constituída por três plantas. A condutividade elétrica da água de irrigação influenciou negativamente as trocas gasosas da bananeira cv. Prata Catarina na fase vegetativa, aos 89 dias de cultivo. Os Bacillus spp. 186 e 109 não melhoraram as trocas gasosas nem aumentaram a área foliar das plantas em condições de salinidade. Palavras-chave: Bacillus sp., limitações fotossintéticas, crescimento, salinidade | ||
| 650 | _aBANANA | ||
| 650 | _aIRRIGAÇÃO | ||
| 650 | _aÁGUA SALINA | ||
| 650 | _aCONDUTIVIDADE ELÉTRICA | ||
| 650 | _aINOCULAÇÃO | ||
| 650 | _aTROCA GASOSA | ||
| 650 | _aÁREA FOLIAR | ||
| 773 | 0 |
_03534 _9317815 _dCampina Grande-PB Universidade Federal de Campina Grande. Centro de Ciências e Tecnologia 1997 _o2024-4534 _tRevista Brasileira de Engenharia Agrícola e Ambiental (Brazil) _x1415-4366 _gv. 25 (11) p. 779-786; (2021) _wBR2025002105 |
|
| 856 | _uhttps://www.scielo.br/j/rbeaa/a/CTZhgpqhvRCP4cvSsDJWrsH/?format=pdf&lang=en | ||
| 942 | _cANA | ||
| 999 |
_c338537 _d338537 |
||